000 00612cam a22002291 4500
001 sa 67003953
003 DLC
005 20260227112342.0
008 890914s1962 ii c b 000 0 hino
010 _asa 67003953
035 _a(OCoLC)20341297
040 _aDLC
_cWaU
_dDLC
042 _apremarc
050 0 0 _aPK1934
_b.G8 1962
100 1 _aGuru, Kāmatāprasāda,
_d1875-1949.
245 1 0 _aHindī vyākaraṇa.
260 _c[1962]
300 _a2, 10, 2, 4, 584, 4 p.
_bports.
_c22 cm.
500 _aIn Hindi.
504 _aBibliography: p. [1]-4 (last group)
650 0 _aHindi language
_xGrammar.
999 _c74197
_d74197